| 000 | 01391nam0a2200325 i 4500 | ||
|---|---|---|---|
| 001 | RU\NLR\bibl\2035882 | ||
| 005 | 20260405144754.0 | ||
| 010 |
_a9785904750169 _91000 |
||
| 021 |
_aRU _b2013-32315 _92218 |
||
| 035 | _a(NLR Aleph) 002023344 | ||
| 090 |
_a4515213 _c4515213 |
||
| 100 | _a20130523d2013 u y0rusy50 ca | ||
| 101 | 0 | _arus | |
| 102 | _aRU | ||
| 105 | _ay ||||||||| | ||
| 200 | 1 |
_aЧастная медицина в России и за рубежом _fА.С. Бронштейн, В.Л. Ривкин, И. Левин |
|
| 210 |
_aМосква _cКворум _d2013 |
||
| 215 |
_a203 с. _d20 |
||
| 606 | 1 |
_aМедицинские учреждения частные _yЗарубежные страны _92147658 _3RU\NLR\auth\661598383 |
|
| 606 | 1 |
_aМедицинские учреждения частные _yРоссийская Федерация _92147657 _3RU\NLR\auth\661598382 |
|
| 686 | _aР11(2)л | ||
| 686 | _aР11(3)л | ||
| 700 | 1 |
_4070 _7ca _8rus _aБронштейн _bА. С. _cканд. мед. наук _f1938- _gАлександр Семенович _919725 _3RU\NLR\auth\7736736 |
|
| 701 | 1 |
_4070 _7ca _8rus _aРивкин _bВ. Л. _gВладимир Львович _943239 _3RU\NLR\auth\7760308 |
|
| 701 | 1 |
_aЛевин _bИ. _gИсраэль _4070 |
|
| 801 | 0 |
_aRU _bNLR _c20130523 _gRCR |
|
| 801 | 1 |
_aRU _bNLR _c20130523 |
|
| 942 | _cBOOK | ||
| 980 | _aNBR | ||